Cringe - Matt Mason - Statistics

General Stats
  • This quiz has been taken 23 times
  • The average score is 251 of 361
Answer Stats
Answer % Correct
I
100%
a
89%
cringe
89%
cringe)
89%
(Do
89%
in
89%
me
89%
no
89%
on
89%
that
89%
the
89%
to
89%
you
89%
come
78%
done
78%
don't
78%
Don't
78%
feel
78%
like
78%
my
78%
so
78%
what
78%
alone
67%
been
67%
I'm
67%
it
67%
I've
67%
just
67%
long
67%
Look
67%
look
67%
looking
67%
Lover
67%
make
67%
man
67%
more
67%
of
67%
over
67%
run
67%
said
67%
saw
67%
She
67%
tired
67%
up
67%
water
67%
And
56%
bad
56%
before
56%
could
56%
did
56%
dust
56%
got
56%
Heads
56%
hold
56%
kick
56%
move
56%
secret
56%
spirit
56%
starting
56%
your
56%
all
44%
All
44%
criminal
44%
doesn't
44%
forget
44%
Oh
44%
out
44%
smooth
44%
you're
44%
back
33%
digging
33%
fritz
33%
mixed
33%
now
33%
rust
33%
seem
33%
we
33%
feelings
22%
high
22%
intoxicated
22%
Putting
22%
sins
22%
together
22%
weather
22%
comfortably
11%
Gaudy
11%
Sweating
11%
thoughts
11%
attempts
0%
blend
0%
dent
0%
No matching quizzes found
Score Distribution
Percent of People with Each Score
Percentile by Number Answered
Your Score History
You have not taken this quiz